000 00304nam a22001337a 4500
008 170405b xxu||||| |||| 00| 0 eng d
020 _a9780683182422
041 _aeng
080 _210TH
_a616.15
100 _a9
101 _aSHM
245 _aWINTROBE'S CLINICAL HEMATOLOGY
_cLEE, G.R
942 _2udc
_cBK
999 _c9888
_d9888